Manual of astronomy ; a guide to observation and laboratory interpretation in elementary astronomy /

Bibliographic Details
Main Author: Shaw, R. William (Robert William), 1904-
Format: Book
Language:English
Published: New York : Crofts, 1947.
Edition:3d ed.
Subjects:

MARC

Tag First Indicator Second Indicator Subfields
LEADER 00000cam a2200000 4500
001 in00000040923
005 20151007064730.0
008 750328s1947 nyu 00000 eng u
035 |a (OCoLC)01242754 
035 |9 AAE0480AM 
040 |c YNG  |d TXA  |d UtOrBLW 
049 |a TXAM  |c [213547] 
090 |a QB62  |b .S48 
092 |a 520.76  |b S535m3 
100 1 |a Shaw, R. William  |q (Robert William),  |d 1904- 
245 1 0 |a Manual of astronomy ;  |b a guide to observation and laboratory interpretation in elementary astronomy /  |c by R. William Shaw and Samuel L. Boothroyd. 
250 |a 3d ed. 
264 1 |a New York :  |b Crofts,  |c 1947. 
300 |a 294 pages :  |b illustrations, charts. 
336 |a text  |b txt  |2 rdacontent 
337 |a unmediated  |b n  |2 rdamedia 
338 |a volume  |b nc  |2 rdacarrier 
650 0 |a Astronomy  |x Laboratory manuals. 
999 |a MARS 
999 f f |s b334863a-a9d3-3a1d-8722-d60ba9fcf531  |i c45deec0-9c1e-3dbc-84b2-64c952281cd5  |t 0 
952 f f |p ric  |a Texas A&M University  |b Rellis Campus  |c Joint Library Facility  |d Remote Storage  |t 0  |e QB62 .S48  |h Library of Congress classification  |i unmediated -- volume  |m A14800898515 
998 f f |a QB62 .S48  |t 0  |l Remote Storage